|
|
|
|
| LEADER |
00933pam a22002538a 4500 |
| 001 |
00024956 |
| 005 |
20171026081022.0 |
| 008 |
110726s1981 ||||||viesd |
| 041 |
0 |
# |
|a vie
|
| 082 |
1 |
4 |
|a 895.922 33
|b Đ561PH
|
| 100 |
1 |
# |
|a Trọng Phiên
|
| 245 |
1 |
0 |
|a Đường phía trước
|b viết về anh hùng lực lượng vũ trang nhân dân
|c Trọng Phiên, Nguyễn Trần Thiết
|
| 260 |
# |
# |
|a H.
|b Quân đội vũ trang nhân dân
|c 1981
|
| 300 |
# |
# |
|a 97tr.
|c 19cm
|
| 650 |
# |
4 |
|a Anh hùng quân đội
|
| 650 |
# |
4 |
|a Truyện
|
| 650 |
# |
4 |
|a Văn học hiện đại
|
| 650 |
# |
4 |
|a Việt Nam
|
| 700 |
1 |
# |
|a Nguyễn Trần Thiết
|e Tác giả
|
| 852 |
# |
# |
|b Kho mượn
|j KM.0005983
|
| 852 |
# |
# |
|j KD.0010022
|j KM.0005983
|
| 852 |
# |
# |
|b Kho đọc
|j KD.0010022
|
| 910 |
|
|
|d 26/07/2011
|
| 980 |
# |
# |
|a Trung tâm Học liệu Lê Vũ Hùng, Trường Đại học Đồng Tháp
|